| 000 | 00744nam a2200217Ii 4500 | ||
|---|---|---|---|
| 003 | JO-AjNU | ||
| 008 | 230605s9999||||xx |||||||||||||| ||und|| | ||
| 017 | _a2009/12/5269 | ||
| 040 |
_aJO-AjNU _bara _erda _cJO-AjNU |
||
| 041 | _aara | ||
| 050 | 1 | 4 | _aHD49.H27.2010 |
| 100 | 3 |
_aالحريري،محمد سرور, _eauthor _930198 |
|
| 245 | 0 | 0 | _aادارة الازمات:المشكلات الاقتصادية والمالية والادارية |
| 250 | _aط1 | ||
| 264 | 3 | 1 | _aعمان:دار البداية ناشرون وموزعون،2010 |
| 300 | _a236ص | ||
| 336 |
_atext _btxt _2rdacontent |
||
| 337 |
_aunmediated _bn _2rdamedia |
||
| 338 |
_avolume _bnc _2rdacarrier |
||
| 650 | 4 |
_aالادارة-ادارة الازمات _930199 |
|
| 999 |
_aA11943 _c15511 _d15511 |
||